Irish Counties i nGaeilge - Statistics

General Stats
  • This quiz has been taken 81 times
  • The average score is 15 of 32
Answer Stats
Beárla Gaeilge % Correct
Down An Dún
72%
Cork Corcaigh
72%
Donegal Dún na nGall
72%
Mayo Maigh Eo
72%
Dublin Baile Átha Cliath
68%
Laois Laois
68%
Kildare Cill Dara
64%
Derry Doire
64%
Louth
64%
Meath An Mhí
60%
Kerry Ciarraí
60%
Galway Gaillimh
60%
Clare An Clár
56%
Sligo Sligeach
56%
Antrim Aontroim
52%
Limerick Luimneach
52%
Fermanagh Fear Manach
44%
Cavan An Cabhán
40%
Roscommon Ros Comáin
40%
Waterford Port Láirge
36%
Offaly Uíbh Fhailí
36%
Wicklow Cill Mhantáin
32%
Leitrim Liatroim
32%
Monaghan Muineachán
32%
Tyrone Tír Eoghain
32%
Westmeath An Iarmhí
28%
Longford An Longfort
28%
Armagh Ard Mhacha
28%
Carlow Ceatharlach
28%
Kilkenny Cill Chainnigh
28%
Wexford Loch Garman
28%
Tipperary Tiobraid Árann
24%
No matching quizzes found
Score Distribution
Percent of People with Each Score
Percentile by Number Answered
Your Score History
You have not taken this quiz